000 01572cam a22004694i 4500
003 PE-LiUPU
005 20250731173106.0
008 150623s r 000 0 d
020 _a0802808247
035 _a(Sirsi) i9780802808240
040 _aPE-LiUPU
_bspa
_cPE-LiUPU
_erda
049 _aPRUA
082 0 4 _a232.4
_bC26
_221
100 1 _aCarey, George,
_eautor.
245 1 4 _aThe gate of glory /
_cGeorge Carey.
264 1 _aGrand Rapids, Michigan :
_bWilliam B. Eerdmans Publishing Company,
_c1992.
300 _a244 páginas :
_bilustraciones, cuadros, gráficos ;
_c23 centímetros
336 _atext
_2rdacontent
337 _aunmediated
_2rdamedia
338 _avolume
_2rdacarrier
500 _aGlosario: (A-V).
504 _aIncluye bibliografía.
505 0 _aBackground to the cross. -The cross explored. -The cross explained. -The cross in christian experience.
526 _aSEG42
526 _aSEG41
526 _aSEG40
526 _aSEG39
526 _aP94
526 _aP87
526 _aP86
526 _aP85
526 _aP77
526 _aP76
526 _aP35
650 0 4 _aCrucifixión de Jesús.
942 _2ddc
_cBOOK
949 _a232.4 C26
_wDEWEY
_c1
_i49490
_lCCODEBUL1
_mBUL
_r0
_sY
_tBOOK
_u2015-6-24
_xTEOLOGIA
_PP35
_0COMPRA
_o.STAFF. Colección General
994 _aC0
_bPEPRU
596 _a1
999 _a232.4 C26
_wDEWEY
_c30223
_i49490
_f2021-11-10
_g5
_lCCODEBUL1
_mBUL
_r0
_sY
_tBOOK
_u2015-6-24
_xTEOLOGIA
_PP35
_0COMPRA
_o.STAFF. Colección General
_d30223
980 _81
_gALBERTO SANCHEZ Responsable de Automatización